| 000 | 00360nam a2200133Ia 4500 | ||
|---|---|---|---|
| 008 | 220204s9999 xx 000 0 und d | ||
| 082 |
_a339.5 _bHEL;1 |
||
| 100 | _aHELLER, Robert H | ||
| 245 | 0 | _aInternational trade: Theory and empirical evidence | |
| 250 | _aEd.2 | ||
| 260 |
_aNew Delhi _bPrentice Hall _c1979 |
||
| 650 | _aInternational trade | ||
| 942 | _cBK | ||
| 999 |
_c32820 _d32820 |
||